Собрание сочинений. Т. 2: Равенство | Чудный сон | Сказка о воде (Запись № 11858556)

Подробности
000 -МАРКЕР
контрольное поле 01325nam2a2200253 4500
001 - ИДЕНТИФИКАТОР ЗАПИСИ
контрольное поле RU\NLR\BIBL_A\011798314
005 - ИДЕНТИФИКАТОР ВЕРСИИ
контрольное поле 20181004152802.0
010 ## - МЕЖДУНАРОДНЫЙ СТАНДАРТНЫЙ НОМЕР КНИГИ (ISBN)
Номер (ISBN) 978-5-4224-1436-9
Уточнения т. 2
021 ## - НОМЕР ГОСУДАРСТВЕННОЙ РЕГИСТРАЦИИ
Код страны Российская Федерация
Номер КН-П-18-062689
Номер Листа государственной регистраци КН-П-18-4510
035 ## - ДРУГИЕ СИСТЕМНЫЕ НОМЕРА
Идентификатор записи (NLR Aleph) 011798314
035 ## - ДРУГИЕ СИСТЕМНЫЕ НОМЕРА
Идентификатор записи (RuMoRGB)009724085
100 ## - ДАННЫЕ ОБЩЕЙ ОБРАБОТКИ
Данные общей обработки 20180925d2018 u y0rusy50 ca
101 1# - ЯЗЫК РЕСУРСА
Язык текста, звукозаписи и т.д. русский
Язык оригинала английский
102 ## - СТРАНА ПУБЛИКАЦИИ ИЛИ ПРОИЗВОДСТВА
Страна публикации Российская Федерация
105 ## - ПОЛЕ КОДИРОВАННЫХ ДАННЫХ: ТЕКСТОВЫЕ МАТЕРИАЛЫ, МОНОГРАФИЧЕСКИЕ
Кодированные данные о монографическом текстовом документе a z 000ay
200 1# - ЗАГЛАВИЕ И СВЕДЕНИЯ ОБ ОТВЕТСТВЕННОСТИ
Основное заглавие Равенство
Сведения, относящиеся к заглавию роман (окончание)
Основное заглавие Чудный сон
Сведения, относящиеся к заглавию повесть
Основное заглавие Сказка о воде
Последующие сведения об ответственности [перевод с английского Б. Винницкой и др.]
215 ## - ФИЗИЧЕСКАЯ ХАРАКТЕРИСТИКА
Специфическое обозначение материала и объем 333, [1] с.
Другие сведения о физической характеристике ил.
461 #1 - УРОВЕНЬ НАБОРА
Встроенное поле 001RU\NLR\BIBL_A\011797710
-- 2001#$aСобрание сочинений$e[перевод с английского]$eв двух томах$fЭдвард Беллами$vТ. 2
-- 700#1$aБеллами$bЭ.$f1850-1898$gЭдуард$3RU\NLR\AUTH\7765035
Системный номер (АБИС) связанной записи 11855477
Автор Беллами, Э. (1850-1898)
Место публикации Москва
Дата публикации 2018
Первые сведения об ответственности Эдвард Беллами
Имя издателя, распространителя и т.д. Терра
Сведения, относящиеся к заглавию [перевод с английского] : в двух томах
Заглавие Собрание сочинений
ISBN 9785422414345
Номер тома Т. 2
942 ## - ДОПОЛНИТЕЛЬНЫЕ ЭЛЕМЕНТЫ ЗАПИСИ (АБИС)
Тип экземпляра АБИС Книга
980 ## - КОЛЛЕКЦИЯ
Название коллекции Национальная библиография
Экземпляры
Тип экземпляра Дата поступления Источник поступления Библиотека постоянного хранения Библиотека текущего хранения Место хранения Шифр хранения Штрих-код Статус экземпляра
Книга 25.09.2018 Обязательный экземпляр РНБ (Московский) РНБ (Московский) Русский книжный фонд: издания с 1957 года 2018-5/6675 1-2461997  
Книга 25.09.2018 Обязательный экземпляр РНБ (Московский) РНБ (Московский) Русский книжный фонд: издания с 1957 года 2018-5/6675 1-2461998